00801cam a2200205 a 450000100100000000500170001000800410002702000150006804000300008308200190011310000310013224500940016326001400025730000200039765000260041765000300044365000340047365000510050770000370055800000880920200929161418.0020725s2001 nq 001 f spa  a9992442301 aDO-SdBNPbspacDLCdBNPHU aN863.44bB267s1 aBarquero Baltodano, Mario.10aSiete expresiones de amor /cMario Barquero Baltodano ; editor Francisco Arellano Oviedo. aManagua, (Nicaragua) :bAsociación Noruega de Escritores ;bCentro Nicaragüense de Escritores ;bAgencia para el desarrollo,c2001. a62 p. ;c22 cm. 4aNovela nicaragüense 4aLiteratura nicaragüense 4aNovela amorosa nicaragüense 4aBarquero baltodano, mario,xRelatos personales1 aArellano Oviedo, Francisco,eed.